| 000 | 00574nam a22001937a 4500 | ||
|---|---|---|---|
| 005 | 20251108165010.0 | ||
| 008 | 250721s1986 xx 000 0 ara d | ||
| 082 | 1 | 4 | _a530.11/آين |
| 100 | 1 | _aآينشتين، ألبرت | |
| 245 | 1 | 0 | _aأفكار و آراء / |
| 264 | 1 |
_aالقاهره : _bالهيئة المصرية العامة للكتاب، _c1986. |
|
| 300 | _a275ص | ||
| 490 | 0 | _aالعلم للجميع | |
| 650 | 1 | 7 | _aالنسبية |
| 650 | 1 | 7 | _aالفيزياء |
| 700 | 1 |
_aشحاته، رمسيس _eترجمة |
|
| 942 |
_2ddc _cBK |
||
| 999 |
_c19468 _d19468 |
||